LDR 00735naa#a2200169#i#450# 001 RU\\bibl\124890 005 20260608001954.1 011 ## _a2221-3260 100 ## _a20260331b2026####ek#y0rusy0150####ca 102 ## _aRU 200 1# _aТрансформация рынка труда в условиях цифровизации экономики _eЖурнальная статья 210 1# _aЯрославль _cЯрославский государственный технический университет _d2026 215 ## _a13 с. 608 ## _aЖурнальная статья _2local 700 #1 _aКомарова _gОльга Альбертовна 700 #1 _aРефениус _gСофья Игоревна 856 4# _atheoreticaleconomy.ru _u